000 00734nam a2200241Ia 4500
003 OSt
005 20220926004812.0
006 a|||||r|||| 00| 0
007 ta
008 220923b |||||||| |||| 00| 0 eng d
020 _a9788170365051
_c488.75
037 _b77, 30/09/2010, AVIVA BOOKS COMPANY
_cGeneral Book
040 _aRTL
_cRTL
_beng
041 _2eng
_aeng
082 _aX:9-75, N6
100 _aRao T V
_9126422
245 0 _aHuman resources development
_b Experiences interventions strategies
260 _a New Delhi
_bSage
_c1996
300 _a394p
_ccm.
650 _aCommerce
942 _hX:9-75, N6
_cGB
_2CC
999 _c612306
_d612306